Prehistory/ (Record no. 165943)

000 -LEADER
fixed length control field 00333nam a22001451a 4500
020 ## - INTERNATIONAL STANDARD BOOK NUMBER
International Standard Book Number 9788185229430
082 ## - DEWEY DECIMAL CLASSIFICATION NUMBER
Classification number 934
Item number IRF/P
100 ## - MAIN ENTRY--PERSONAL NAME
Personal name Irfan Habib
245 ## - TITLE STATEMENT
Title Prehistory/
Statement of responsibility, etc. by Irfan Habib.
260 ## - PUBLICATION, DISTRIBUTION, ETC.
Place of publication, distribution, etc. New Delhi:
Name of publisher, distributor, etc. Tulika,
Date of publication, distribution, etc. 2007.
300 ## - PHYSICAL DESCRIPTION
Extent 76p.
650 ## - SUBJECT ADDED ENTRY--TOPICAL TERM
Topical term or geographic name entry element History India Ancient
650 ## - SUBJECT ADDED ENTRY--TOPICAL TERM
Topical term or geographic name entry element History
942 ## - ADDED ENTRY ELEMENTS (KOHA)
Koha item type Book
Holdings
Withdrawn status Lost status Damaged status Not for loan Permanent Location Current Location Shelving location Date acquired Cost, normal purchase price Total Checkouts Full call number Barcode Date last seen Price effective from Koha item type
        RC Thiruvananthapuram RC Thiruvananthapuram   07.11.2018 110.00   934 IRF/P TV018238 07.11.2018 07.11.2018 Book